000 00650cam a2200193 i 4500
005 20251215121523.0
008 250721s1983 jo gr 000 0 ara d
082 1 4 _a216,8
_bي ا س
100 1 _aياسين، محمد نعيم
_eمؤلف.
245 1 2 _aالوجيز في الفقه الجنائي الإسلامي /
_cتأليف الدكتور محمد نعيم ياسين.
250 _aالطبعة الأولى.
264 3 1 _aعمان :
_bدار الفرقان،
_c1983.
300 _a166 صفحة.
650 1 7 _aالإسلام.
650 1 7 _aالفقه.
650 1 7 _aالعقوبات.
942 _2ddc
_cBK
999 _c2547
_d2547